[Event "Belgrade-chT Quality"]
[Site "Belgrade"]
[Date "2022.10.04"]
[Round "4.6"]
[White "Zubic, Aleksandar"]
[Black "Bjelanovic, Mile"]
[Result "1/2-1/2"]
[WhiteElo "1831"]
[BlackElo "1996"]
[PlyCount "102"]
[EventDate "2022.10.01"]
[EventType "team-tourn"]
[EventRounds "11"]
[EventCountry "SRB"]
[SourceTitle "CBM 210 Extra"]
[Source "ChessBase"]
[SourceDate "2022.11.30"]
[SourceVersion "1"]
[SourceVersionDate "2022.11.30"]
[SourceQuality "1"]
[WhiteTeam "Belgrade Banjica"]
[BlackTeam "Belgrade Napredak"]
[WhiteTeamCountry "SRB"]
[BlackTeamCountry "SRB"]

1. e4 c5 2. Nf3 d6 3. d4 cxd4 4. Nxd4 Nf6 5. Nc3 a6 6. Be2 e5 7. Nb3 Be7 8. Be3 Be6 9. 0-0 0-0 10. f3 b5 11. a3 Nbd7 12. Qe1 Nb6 13. Na5 Qc7 14. Qf2 Nbd7 15. Nb3 Rab8 16. Rfd1 Nb6 17. Bxb6 Rxb6 18. Nd5 Nxd5 19. exd5 Bd7 20. Rac1 Bg5 21. Nd2 Rb7 22. b4 a5 23. c4 bxc4 24. Rxc4 Qb8 25. Ne4 Bd8 26. Qe1 Bb5 27. Rc6 Bxc6 28. dxc6 Bb6+ 29. Kh1 Ra7 30. b5 Bd4 31. a4 d5 32. Nd2 Bc3 33. Qf2 Bd4 34. Qg3 Re7 35. Nb3 Qb6 36. Nxd4 exd4 37. Bd3 Rfe8 38. h3 g6 39. Rc1 Re3 40. c7 Rc8 41. Bf5 Rxc7 42. Rxc7 d3 43. Rc8+ Kg7 44. Bxd3 Rxd3 45. Qe5+ Kh6 46. Qf4+ Kg7 47. Rc6 Rd1+ 48. Kh2 Qg1+ 49. Kg3 Qe1+ 50. Kh2 Qg1+ 51. Kg3 Qe1+ 1/2-1/2

[Event "Belgrade-chT Quality"]
[Site "Belgrade"]
[Date "2021.11.06"]
[Round "7.8"]
[White "Jelic, Ljubisa"]
[Black "Zubic, Aleksandar"]
[Result "1/2-1/2"]
[WhiteElo "1782"]
[BlackElo "1845"]
[PlyCount "39"]
[EventDate "2021.10.16"]
[EventType "team-tourn"]
[EventRounds "11"]
[EventCountry "SRB"]
[SourceTitle "EXT 2023"]
[Source "ChessBase"]
[SourceDate "2022.10.05"]
[SourceVersion "1"]
[SourceVersionDate "2022.10.05"]
[SourceQuality "1"]
[WhiteTeam "Belgrade Sremcica"]
[BlackTeam "Belgrade Banjica"]
[WhiteTeamCountry "SRB"]
[BlackTeamCountry "SRB"]

1. d4 d5 2. c4 e6 3. Nf3 Nf6 4. Nc3 Nbd7 5. Bg5 Be7 6. e3 0-0 7. Rc1 c6 8. Bd3 dxc4 9. Bxc4 Nd5 10. Bxe7 Qxe7 11. Ne4 e5 12. dxe5 Nxe5 13. Nxe5 Qxe5 14. Bxd5 cxd5 15. Nc3 Be6 16. 0-0 a6 17. Qd2 Rfd8 18. Rfd1 Qg5 19. a3 Bg4 20. f4 1/2-1/2

[Event "Belgrade-chT Quality"]
[Site "Belgrade"]
[Date "2019.10.13"]
[Round "4.7"]
[White "Zubic, Aleksandar"]
[Black "Jovisic, Gradimir"]
[Result "0-1"]
[WhiteElo "1939"]
[BlackElo "1948"]
[PlyCount "76"]
[EventDate "2019.10.05"]
[EventType "team-tourn"]
[EventRounds "11"]
[EventCountry "SRB"]
[SourceTitle "EXT 2022"]
[Source "ChessBase"]
[SourceDate "2021.10.06"]
[SourceVersion "1"]
[SourceVersionDate "2021.10.06"]
[SourceQuality "1"]
[WhiteTeam "Banjica"]
[BlackTeam "NBSK"]
[WhiteTeamCountry "SRB"]
[BlackTeamCountry "SRB"]

1. e4 c5 2. Nf3 Nf6 3. Nc3 d6 4. d4 cxd4 5. Nxd4 Bd7 6. Be2 Nc6 7. Be3 g6 8. Qd2 Ng4 9. Bxg4 Bxg4 10. Nd5 Bg7 11. Nb5 0-0 12. Bg5 Bxb2 13. Rb1 Bg7 14. Nxd6 f6 15. Nxb7 Qc8 16. Na5 Kf7 17. Bh6 Rd8 18. Nxc6 Qxc6 19. Bxg7 Kxg7 20. Qb4 Rd7 21. 0-0 Be6 22. c4 Re8 23. Rfd1 Bf7 24. h3 e6 25. Ne3 Red8 26. c5 e5 27. a4 Rd4 28. Qb5 Qxe4 29. Rdc1 f5 30. c6 f4 31. Ng4 R8d5 32. Qb7 h5 33. c7 Rd1+ 34. Kh2 hxg4 35. Rxd1 g3+ 36. fxg3 fxg3+ 37. Kh1 Rxd1+ 38. Rxd1 Qxb7 0-1

[Event "Belgrade-chT Quality"]
[Site "Belgrade"]
[Date "2019.10.05"]
[Round "1.8"]
[White "Stankovic, Andrea"]
[Black "Zubic, Aleksandar"]
[Result "0-1"]
[WhiteElo "1429"]
[BlackElo "1939"]
[PlyCount "80"]
[EventDate "2019.10.05"]
[EventType "team-tourn"]
[EventRounds "11"]
[EventCountry "SRB"]
[SourceTitle "EXT 2022"]
[Source "ChessBase"]
[SourceDate "2021.10.06"]
[SourceVersion "1"]
[SourceVersionDate "2021.10.06"]
[SourceQuality "1"]
[WhiteTeam "Delfin"]
[BlackTeam "Banjica"]
[WhiteTeamCountry "SRB"]
[BlackTeamCountry "SRB"]

1. d4 Nf6 2. c4 e6 3. Nc3 d5 4. Bg5 Be7 5. e3 0-0 6. Nf3 a6 7. a4 b6 8. Rc1 Bb7 9. Bd3 Nbd7 10. 0-0 c5 11. Re1 dxc4 12. Bxc4 Ne4 13. Bxe7 Qxe7 14. Nxe4 Bxe4 15. Bd3 Bxd3 16. Qxd3 Rfd8 17. Qc4 e5 18. Ra1 e4 19. Nd2 Nf6 20. Nb3 Rd5 21. Rec1 Rh5 22. h3 Rf5 23. dxc5 bxc5 24. Qc3 Rc8 25. Qa5 Qc7 26. Qxa6 c4 27. Nd4 Ra5 28. Qc6 Qxc6 29. Nxc6 Rxc6 30. b4 Ra8 31. b5 Rc5 32. a5 Rxb5 33. Rxc4 Kf8 34. a6 Rb6 35. Rca4 Ra7 36. Kh2 Ke7 37. Kg3 Re6 38. Ra5 g6 39. Kf4 Nh5+ 40. Kg5 f5 0-1